| 000 | 00419nam a2200133Ia 4500 | ||
|---|---|---|---|
| 008 | 170221s9999 xx 000 0 und d | ||
| 100 | _aYekini Olawaiye Lawal | ||
| 245 | _aEducation as an Instrument for Effective National Development: Which Way Nigeria | ||
| 245 | _cYekini Olawaiye Lawal | ||
| 260 | _c2013 | ||
| 300 | _a12 : | ||
| 650 | _xBusiness | ||
| 856 | _uhttp://www.scienpress.com/Upload/BEJ/Vol%202_2_3.pdf | ||
| 999 |
_c313295 _d313295 |
||